Változó és változatlan. Tompa Gábor válaszol Kacsir Mária kérdéseir
Elmentve itt :
| Szerző: | |
|---|---|
| Adatforrás: | Meister |
| Forrásdokumentuma: | A Hét. - 49-52 ; 1-2 ; 3 sz., 1995, 8 ; 9 ; 7 p. |
| Nyelv: | magyar |
| Kulcsszavak: | színháztörténet-interjú TOMPA Gábor Kolozsvári Állami Magyar Színház |
| LEADER | 00478nab a2200145 i 4500 | ||
|---|---|---|---|
| 001 | bibPRO00005957 | ||
| 008 | 060524s1995 xx hun | ||
| 040 | |a Sz1 | ||
| 041 | |a hun | ||
| 100 | 1 | |a KACSIR Mária | |
| 245 | 1 | 0 | |a Változó és változatlan. Tompa Gábor válaszol Kacsir Mária kérdéseir |c KACSIR Mária |
| 695 | |a színháztörténet-interjú | ||
| 695 | |a TOMPA Gábor | ||
| 695 | |a Kolozsvári Állami Magyar Színház | ||
| 773 | 0 | |t A Hét. - |g 49-52 ; 1-2 ; 3 sz., 1995, 8 ; 9 ; 7 p. | |